Le docteur Faustus

Bewaard in:
Bibliografische gegevens
Hoofdauteur: Mann, Thomas
Formaat: Boek
Taal:Undetermined
Gepubliceerd in: París, Francia Albin Michel 1950
Onderwerpen:
Tags: Voeg label toe
Geen labels, Wees de eerste die dit record labelt!

MARC

LEADER 00000nam a2200000Ia 4500
008 170316s9999 xx 000 0 und d
040 |a cru BVZT 
090 |a 830 M-2d 
100 |a Mann, Thomas 
245 |a Le docteur Faustus 
260 |a París, Francia 
260 |b Albin Michel 
260 |c 1950 
300 |a 641 páginas 
650 |a LITERATURA ALEMANA 
999 |c 7394  |d 7394 
942 |c 15 D  |h 830 M-2d  |2 z